| 000 | 00341nam a2200133Ia 4500 | ||
|---|---|---|---|
| 008 | 191201s1995 xx 000 0 und d | ||
| 082 |
_a658.15 _bGRI |
||
| 100 | _aGRIFFIN,Ricky W | ||
| 245 | 0 | _aInternational Business: A Managerial Perspective | |
| 260 |
_aN.Delhi _bAddison Wesley _c1995 |
||
| 300 | _a765 | ||
| 650 | _aMBA | ||
| 942 |
_2ddc _cBK |
||
| 999 |
_c4224 _d4224 |
||